[Event "Aut_2.Bundesliga_Ost_2004/05"]
[Site "?"]
[Date "2005.02.27"]
[Round "9.1"]
[White "Goetz, Alexander"]
[Black "Kopinits, Anna-Christina"]
[Result "0-1"]
[WhiteElo "2189"]
[BlackElo "2114"]
[PlyCount "86"]
[EventDate "2004.10.09"]

1. c4 e5 2. g3 Nc6 3. Bg2 g6 4. Nc3 Bg7 5. e4 d6 6. Nge2 Be6 7. Nd5 Qd7 8. O-O
Nd8 9. d4 c6 10. Ne3 Bh3 11. f4 Bxg2 12. Kxg2 exd4 13. Nxd4 Ne6 14. Nf3 O-O-O
15. Qc2 Nc5 16. Rd1 Qe7 17. e5 dxe5 18. Rxd8+ Qxd8 19. fxe5 Qd3 20. Bd2 Qxc2
21. Nxc2 Nh6 22. b4 Nd3 23. Rf1 Re8 24. Be3 Nxe5 25. Nxe5 Rxe5 26. Bxa7 Re4 27.
Rf4 Rxf4 28. gxf4 Nf5 29. Kf3 Kd7 30. Bf2 b5 31. cxb5 cxb5 32. Ke4 Kc6 33. Nd4+
Nxd4 34. Bxd4 Bf8 35. Bc3 f5+ 36. Kd3 Kd5 37. Be1 Be7 38. a3 Bf6 39. Bc3 Bxc3
40. Kxc3 Ke4 41. a4 bxa4 42. b5 Kd5 43. Kb4 g5 0-1

[Event "Aut_2.Bundesliga_Ost_2004/05"]
[Site "?"]
[Date "2005.02.27"]
[Round "9.2"]
[White "Sommerbauer, Norbert"]
[Black "Polak, Thomas"]
[Result "1/2-1/2"]
[WhiteElo "2419"]
[BlackElo "2466"]
[PlyCount "22"]
[EventDate "2004.10.09"]

1. e4 c6 2. c4 d5 3. exd5 cxd5 4. cxd5 Nf6 5. Nc3 Nxd5 6. Nf3 e6 7. Bc4 Nxc3 8.
bxc3 Be7 9. O-O O-O 10. d4 Nd7 11. Bf4 Nb6 1/2-1/2

[Event "Aut_2.Bundesliga_Ost_2004/05"]
[Site "?"]
[Date "2005.02.27"]
[Round "9.2"]
[White "Kummer, Helmut"]
[Black "Groetz, Harald"]
[Result "1/2-1/2"]
[WhiteElo "2350"]
[BlackElo "2299"]
[PlyCount "221"]
[EventDate "2004.10.09"]

1. d4 d5 2. c4 c6 3. Nf3 Nf6 4. Nc3 dxc4 5. e3 b5 6. a4 Nd5 7. Ne4 e6 8. Be2
Nd7 9. O-O Be7 10. Bd2 Bb7 11. Qc2 a6 12. b3 cxb3 13. Qxb3 O-O 14. Rfc1 f5 15.
Nc3 Kh8 16. Nxd5 exd5 17. Bb4 Bxb4 18. axb5 c5 19. bxa6 Bc6 20. dxc5 Bxc5 21.
Ra2 Rb8 22. Qd3 Ba8 23. h4 Qe7 24. g3 Qe4 25. Ng5 Qxd3 26. Bxd3 Bd6 27. Bf1 Ne5
28. Bg2 h6 29. Ne6 Rfc8 30. Rd1 Re8 31. Nf4 Bc5 32. h5 Ng4 33. Bxd5 Rbd8 34.
Rd3 Ne5 35. Rd1 Ng4 36. Ra5 Ba7 37. Rb1 Nf6 38. Bxa8 Rxa8 39. Rxf5 Rec8 40. Rb7
Rc6 41. Re5 Rxa6 42. Ree7 Ne8 43. Kg2 Bc5 44. Re5 Rb6 45. Rd7 Nf6 46. Rd2 Bd6
47. Re6 Bc7 48. Kf3 Rxe6 49. Nxe6 Ba5 50. Ra2 Nxh5 51. g4 Nf6 52. g5 hxg5 53.
Nxg5 Nd5 54. Kg4 g6 55. e4 Nf6+ 56. Kh3 Kg7 57. f4 Ra7 58. Ra4 Nd7 59. Kg4 Nb6
60. Ra2 Nc4 61. Ra4 Ne3+ 62. Kf3 Nc2 63. Kg4 Kf6 64. Ra2 Ne3+ 65. Kf3 Nc4 66.
Kg4 Ne3+ 67. Kf3 Bb6 68. Rh2 Nc4 69. Kg4 Ne3+ 70. Kf3 Nc4 71. Kg4 Bd4 72. e5+
Bxe5 73. Ne4+ Kg7 74. fxe5 Nxe5+ 75. Kf4 Nd3+ 76. Ke3 Ra3 77. Kd4 Nf4 78. Ke5
Nd3+ 79. Kd4 Ne1 80. Re2 Nf3+ 81. Kd5 Rd3+ 82. Kc4 Ra3 83. Nc3 Ra7 84. Re3 Rf7
85. Nd5 g5 86. Re7 Rxe7 87. Nxe7 Kf6 88. Nd5+ Ke5 89. Nc3 Ne1 90. Ne2 Ke4 91.
Kc3 Ke3 92. Ng3 g4 93. Nf1+ Kf2 94. Nd2 Ke2 95. Ne4 Ke3 96. Ng3 Nf3 97. Kc2 Kf2
98. Ne4+ Ke3 99. Ng3 Ng5 100. Kd1 Kf2 101. Nf5 Ne4 102. Kc2 Ke2 103. Nd4+ Ke3
104. Nf5+ Kf4 105. Nd4 Ke3 106. Nf5+ Kf2 107. Kd3 Nc5+ 108. Kd4 Ne6+ 109. Ke4
Ng7 110. Kf4 Nxf5 111. Kxg4 1/2-1/2

[Event "Aut_2.Bundesliga_Ost_2004/05"]
[Site "?"]
[Date "2005.02.27"]
[Round "9.2"]
[White "Hangweyrer, Manfred"]
[Black "Rudolf, Herbert"]
[Result "1/2-1/2"]
[WhiteElo "2347"]
[BlackElo "2225"]
[PlyCount "43"]
[EventDate "2004.10.09"]

1. Nf3 c5 2. g3 g6 3. Bg2 Bg7 4. c4 Nc6 5. Nc3 Nf6 6. O-O O-O 7. d3 d5 8. cxd5
Nxd5 9. Nxd5 Qxd5 10. Be3 Bxb2 11. Rb1 Bg7 12. Nd4 Qxa2 13. Nxc6 bxc6 14. Bxc6
Bh3 15. Bxa8 Rxa8 16. Re1 Bc3 17. f3 Bxe1 18. Qxe1 Bd7 19. Bxc5 Qe6 20. Ra1 a6
21. Qd2 Rc8 22. Qe3 1/2-1/2

[Event "Aut_2.Bundesliga_Ost_2004/05"]
[Site "?"]
[Date "2005.02.27"]
[Round "9.2"]
[White "Kremsner, Andreas"]
[Black "Wolfram, Bernd"]
[Result "1-0"]
[WhiteElo "2207"]
[BlackElo "2199"]
[PlyCount "61"]
[EventDate "2004.10.09"]

1. d4 Nf6 2. Nf3 g6 3. c4 Bg7 4. Nc3 O-O 5. e4 d6 6. Be2 Nbd7 7. O-O e5 8. Be3
h6 9. dxe5 dxe5 10. Qc2 Ng4 11. Bd2 c6 12. Rad1 Qe7 13. a3 f5 14. h3 fxe4 15.
hxg4 exf3 16. Bxf3 Qe6 17. Ne4 a5 18. Be3 Rb8 19. Rd6 Qe8 20. Rfd1 Kh7 21. Qd2
Nf6 22. Nxf6+ Rxf6 23. Rxf6 Bxf6 24. Qd6 Be6 25. Qc7+ Bg7 26. Rd6 Qc8 27. Qe7
Bxg4 28. Bxh6 Qf8 29. Qc7 Rc8 30. Bxg7 Qxg7 31. Qxg7+ 1-0

[Event "Aut_2.Bundesliga_Ost_2004/05"]
[Site "?"]
[Date "2005.02.27"]
[Round "9.3"]
[White "Pokorna, Regina"]
[Black "Srienz, Christian"]
[Result "1-0"]
[WhiteElo "2370"]
[BlackElo "2285"]
[PlyCount "111"]
[EventDate "2004.10.09"]

1. e4 c5 2. Nf3 Nc6 3. d4 cxd4 4. Nxd4 Nf6 5. Nc3 e5 6. Ndb5 d6 7. Bg5 a6 8.
Na3 b5 9. Bxf6 gxf6 10. Nd5 f5 11. c3 Bg7 12. exf5 Bxf5 13. Nc2 Be6 14. Nce3
Ne7 15. g3 Nxd5 16. Nxd5 O-O 17. Bg2 a5 18. O-O f5 19. Re1 Re8 20. Qd2 Qd7 21.
Rad1 Kh8 22. Qg5 Qf7 23. Qe3 e4 24. Qd2 b4 25. cxb4 axb4 26. Bf1 Rec8 27. b3
Be5 28. Nf4 Rc3 29. Ne2 Rd3 30. Qc1 Rc8 31. Qb1 Rdc3 32. Nxc3 bxc3 33. Qc2 d5
34. f3 Rd8 35. fxe4 fxe4 36. Bg2 Bg4 37. Bxe4 Bxd1 38. Rxd1 Qf6 39. Rxd5 Bd4+
40. Kg2 Re8 41. Rd7 Re7 42. Rxe7 Qxe7 43. Qd3 Bf6 44. a4 h5 45. h4 Qa3 46. Qd5
Kg7 47. Qxh5 Qd6 48. Qe2 Be5 49. a5 Qb8 50. a6 Qc7 51. Qg4+ Kh8 52. Qh5+ Kg7
53. a7 Bxg3 54. Qg6+ Kh8 55. a8=Q+ Qb8 56. Qh7# 1-0

[Event "Aut_2.Bundesliga_Ost_2004/05"]
[Site "?"]
[Date "2005.02.27"]
[Round "9.3"]
[White "Poecksteiner, Johann"]
[Black "Kleiser, Gregor"]
[Result "0-1"]
[WhiteElo "2197"]
[BlackElo "2262"]
[PlyCount "55"]
[EventDate "2004.10.09"]

1. b3 Nf6 2. Bb2 c5 3. Nf3 e6 4. e3 Be7 5. Be2 O-O 6. O-O Nc6 7. c4 d6 8. d4
cxd4 9. exd4 Bd7 10. Nc3 d5 11. Rc1 Re8 12. Bd3 Qa5 13. Qe2 dxc4 14. bxc4 Qh5
15. Rfd1 Rad8 16. Nb5 Rc8 17. Ba3 Bxa3 18. Nxa3 Nb4 19. Qb2 Nxd3 20. Rxd3 Bc6
21. Ne5 Qg5 22. Rg3 Qf4 23. Rd1 Red8 24. h3 Ne4 25. Rf3 Qxe5 26. dxe5 Rxd1+ 27.
Kh2 Nd2 28. Kg3 0-1

[Event "Aut_2.Bundesliga_Ost_2004/05"]
[Site "?"]
[Date "2005.02.27"]
[Round "9.3"]
[White "Wallner, Alfred"]
[Black "Rogetzer, Klaus"]
[Result "1-0"]
[WhiteElo "2232"]
[BlackElo "2124"]
[PlyCount "81"]
[EventDate "2004.10.09"]

1. e4 c6 2. d4 d5 3. exd5 cxd5 4. c4 Nf6 5. Nc3 Nc6 6. Nf3 Bg4 7. cxd5 Nxd5 8.
Qb3 Bxf3 9. gxf3 e6 10. Qxb7 Nxd4 11. Bb5+ Nxb5 12. Qc6+ Ke7 13. Qxb5 Qd7 14.
Nxd5+ Qxd5 15. Qxd5 exd5 16. O-O Ke6 17. Re1+ Kf5 18. Rd1 Rd8 19. Be3 Rd7 20.
Rac1 Be7 21. Rd4 g5 22. Rcd1 Rhd8 23. Ra4 Bf6 24. Rxa7 Rxa7 25. Bxa7 Bxb2 26.
Bb6 Ra8 27. Rxd5+ Ke6 28. Ra5 Rxa5 29. Bxa5 Ba3 30. Kf1 f5 31. h3 h5 32. Bd8 g4
33. Kg2 Kd5 34. fxg4 fxg4 35. f3 gxh3+ 36. Kxh3 Kd4 37. Bg5 Bd6 38. Kh4 Kd3 39.
Kxh5 Ke2 40. Kg4 Kd3 41. Kf5 1-0

[Event "Aut_2.Bundesliga_Ost_2004/05"]
[Site "?"]
[Date "2005.02.27"]
[Round "9.3"]
[White "Steiner, Johann"]
[Black "Lenz, Alarich"]
[Result "0-1"]
[WhiteElo "2051"]
[BlackElo "2186"]
[PlyCount "41"]
[EventDate "2004.10.09"]

1. e4 e6 2. d4 d5 3. exd5 exd5 4. Bd3 c5 5. c3 Nc6 6. Be3 c4 7. Be2 Bd6 8. Nd2
Nf6 9. h3 O-O 10. Bf3 Re8 11. Ne2 Bf5 12. O-O Qd7 13. Bf4 Rxe2 14. Bxd6 Rxd2
15. Qxd2 Qxd6 16. Qg5 Bg6 17. Rfe1 h6 18. Qd2 b5 19. a4 b4 20. cxb4 Nxb4 21.
Rac1 0-1

[Event "Aut_2.Bundesliga_Ost_2004/05"]
[Site "?"]
[Date "2005.02.27"]
[Round "9.4"]
[White "Loeffler, Stefan"]
[Black "Videki, Sandor"]
[Result "0-1"]
[WhiteElo "2432"]
[BlackElo "2414"]
[PlyCount "84"]
[EventDate "2004.10.09"]

1. Nf3 d5 2. c4 c6 3. e3 Nf6 4. Qc2 e6 5. b3 Nbd7 6. Bb2 Bd6 7. d4 O-O 8. Nbd2
Qe7 9. Ne5 c5 10. Bd3 b6 11. O-O cxd4 12. exd4 Bb7 13. f4 Rac8 14. Rae1 Rfd8
15. f5 dxc4 16. bxc4 Nxe5 17. dxe5 Bc5+ 18. Kh1 Qd7 19. fxe6 Qxd3 20. exf7+
Kxf7 21. Qxd3 Rxd3 22. Ne4 Bxe4 23. Rxe4 Rd2 24. Ba1 Rd1 25. Ref4 Rxf1+ 26.
Rxf1 Be7 27. exf6 gxf6 28. g4 Rxc4 29. Bxf6 Bxf6 30. g5 Rc6 31. Kg1 Ke7 32.
gxf6+ Rxf6 33. Rc1 Kd7 34. Rc3 Rc6 35. Ra3 a5 36. Kf2 Rc2+ 37. Kg3 Kc6 38. h3
Kb5 39. Kg4 a4 40. Rf3 Rxa2 41. Rf7 a3 42. Rxh7 Rb2 0-1

[Event "Aut_2.Bundesliga_Ost_2004/05"]
[Site "?"]
[Date "2005.02.27"]
[Round "9.4"]
[White "Neumeier, Klaus"]
[Black "Miniboeck, Guenter"]
[Result "1/2-1/2"]
[WhiteElo "2304"]
[BlackElo "2345"]
[PlyCount "32"]
[EventDate "2004.10.09"]

1. e4 c5 2. Nf3 d6 3. Bb5+ Bd7 4. Bxd7+ Qxd7 5. c4 Nc6 6. Nc3 Nf6 7. d4 cxd4 8.
Nxd4 e6 9. O-O Be7 10. Be3 O-O 11. Qe2 a6 12. Rad1 Qc7 13. f4 Rac8 14. b3 Rfe8
15. Kh1 Nd7 16. Nxc6 bxc6 1/2-1/2

[Event "Aut_2.Bundesliga_Ost_2004/05"]
[Site "?"]
[Date "2005.02.27"]
[Round "9.4"]
[White "Bandy, Attila"]
[Black "Weissenbeck, Manuel"]
[Result "0-1"]
[WhiteElo "2293"]
[BlackElo "2254"]
[PlyCount "136"]
[EventDate "2004.10.09"]

1. d4 Nf6 2. Nf3 g6 3. Bf4 Bg7 4. e3 O-O 5. Be2 d6 6. h3 Nbd7 7. c3 c5 8. O-O
b6 9. a4 Bb7 10. Nbd2 Qc7 11. Bh2 h6 12. b4 Rfe8 13. a5 Rac8 14. axb6 axb6 15.
Bc4 Bd5 16. Bxd5 Nxd5 17. Qb3 c4 18. Qc2 e5 19. Ra4 b5 20. Ra5 Qc6 21. Rfa1 Nc7
22. dxe5 dxe5 23. e4 Ra8 24. Nf1 Rxa5 25. Rxa5 Re6 26. Ne3 Rd6 27. Bg3 h5 28.
Ra1 f6 29. Nh4 Nf8 30. Ra2 Bh6 31. Nf1 Kf7 32. Nf3 Nd7 33. Ne1 Nb6 34. Nf3 Bg7
35. Ne1 Bh6 36. Nf3 Qe8 37. Ra7 Rd7 38. N1d2 Qb8 39. Ra1 Ne6 40. Ra5 Nc8 41.
Nf1 Ne7 42. Qa2 Nc6 43. Ra6 Qb7 44. Ra3 Ke7 45. Qe2 Qb6 46. Ne1 Rd6 47. Nc2 Qd8
48. Nce3 Nc7 49. Ra2 Rd3 50. Rc2 Kf7 51. f3 Ne7 52. Bf2 Ne6 53. g3 h4 54. Ng4
Bg5 55. Nfe3 hxg3 56. Bxg3 Nf4 57. Bxf4 Bxf4 58. Nf1 Rd1 59. Nf2 Rd6 60. Ra2
Qb6 61. Kh1 Nc6 62. Ra8 Rd8 63. Rxd8 Nxd8 64. Kg2 Ne6 65. Qd1 Ke7 66. Qd5 Bg5
67. Kg1 Nf4 68. Ne3 Qxe3 0-1

[Event "Aut_2.Bundesliga_Ost_2004/05"]
[Site "?"]
[Date "2005.02.27"]
[Round "9.4"]
[White "Hechl, Gerald"]
[Black "Brandner, Stefan"]
[Result "0-1"]
[WhiteElo "2252"]
[BlackElo "2316"]
[PlyCount "44"]
[EventDate "2004.10.09"]

1. d4 d5 2. c4 Nc6 3. cxd5 Qxd5 4. e3 e5 5. Nc3 Bb4 6. Bd2 Bxc3 7. bxc3 Qd6 8.
Bd3 Nf6 9. f3 Be6 10. Ne2 O-O-O 11. Qa4 Nd7 12. Rb1 Nc5 13. Qb5 Nxd3+ 14. Qxd3
Bxa2 15. Rb2 Qe6 16. Rxa2 Qxa2 17. O-O Na5 18. c4 Qxc4 19. Qf5+ Rd7 20. Bxa5
Qxe2 21. Qxe5 f6 22. Qe4 Qb5 0-1

[Event "Aut_2.Bundesliga_Ost_2004/05"]
[Site "?"]
[Date "2005.02.27"]
[Round "9.4"]
[White "Sulyok, Michael"]
[Black "Pichler, Michael"]
[Result "1/2-1/2"]
[WhiteElo "2205"]
[BlackElo "2179"]
[PlyCount "31"]
[EventDate "2004.10.09"]

1. c4 e6 2. g3 d5 3. Bg2 Nf6 4. Nf3 dxc4 5. Qa4+ c6 6. Qxc4 b5 7. Qc2 Bb7 8.
O-O Nbd7 9. a4 b4 10. a5 c5 11. d3 Rc8 12. Nbd2 Bd6 13. Nc4 Bb8 14. b3 O-O 15.
Bb2 Qe7 16. Rad1 1/2-1/2

[Event "Aut_2.Bundesliga_Ost_2004/05"]
[Site "?"]
[Date "2005.02.27"]
[Round "9.4"]
[White "Wandl, Werner"]
[Black "Herndlbauer, Martin"]
[Result "1-0"]
[WhiteElo "2128"]
[BlackElo "2132"]
[PlyCount "93"]
[EventDate "2004.10.09"]

1. e4 c5 2. Nc3 Nc6 3. g3 g6 4. Bg2 Bg7 5. d3 d6 6. f4 e6 7. Be3 Nge7 8. Nf3
Nd4 9. O-O O-O 10. Qd2 Rb8 11. Rae1 Nec6 12. Nd1 Qa5 13. Qxa5 Nxa5 14. Rf2 b6
15. c3 Nxf3+ 16. Bxf3 Bb7 17. f5 exf5 18. exf5 Rfe8 19. Bxb7 Rxb7 20. f6 Bf8
21. Rfe2 Re6 22. Bf4 Rxf6 23. Re8 Kg7 24. Rxf8 Rxf4 25. Ree8 Rf6 26. Nf2 Re6
27. Rg8+ Kh6 28. h4 Kh5 29. Rxe6 fxe6 30. Kg2 Rf7 31. Ne4 Kg4 32. Nxd6 Rf3 33.
Ne4 Nc6 34. Nf2+ Rxf2+ 35. Kxf2 Ne5 36. Rd8 b5 37. b3 a5 38. Kg2 b4 39. cxb4
cxb4 40. Rd4+ Kh5 41. Rd6 Kg4 42. d4 Nd3 43. Rxe6 Nc1 44. d5 Kf5 45. g4+ Kxg4
46. d6 Kf5 47. Re8 1-0

[Event "Aut_2.Bundesliga_Ost_2004/05"]
[Site "?"]
[Date "2005.02.27"]
[Round "9.5"]
[White "Pingitzer, Harald"]
[Black "Markos, Jan"]
[Result "0-1"]
[WhiteElo "2389"]
[BlackElo "2454"]
[PlyCount "54"]
[EventDate "2004.10.09"]

1. Nf3 Nf6 2. d4 e6 3. e3 b6 4. Nbd2 Bb7 5. Bd3 c5 6. O-O cxd4 7. exd4 d6 8. c3
Nbd7 9. a4 a6 10. Qe2 Be7 11. Ne1 O-O 12. f4 e5 13. Nc2 Re8 14. fxe5 dxe5 15.
Qf2 exd4 16. Nxd4 Ne5 17. Be2 Qd5 18. h3 Rad8 19. Qg3 Ne4 20. Nxe4 Qxe4 21. Bh6
Qg6 22. Bf4 Bc5 23. Rad1 Nc6 24. Qxg6 hxg6 25. Bc4 Nxd4 26. cxd4 Rxd4 27. Bxf7+
Kh7 0-1

[Event "Aut_2.Bundesliga_Ost_2004/05"]
[Site "?"]
[Date "2005.02.27"]
[Round "9.5"]
[White "Lipka, Juraj"]
[Black "Hofbauer, Martin"]
[Result "1/2-1/2"]
[WhiteElo "2387"]
[BlackElo "2334"]
[PlyCount "50"]
[EventDate "2004.10.09"]

1. Nf3 g6 2. e4 Bg7 3. d4 d6 4. c3 Nf6 5. Bd3 O-O 6. O-O Nbd7 7. Re1 e5 8. Nbd2
Nh5 9. Nc4 h6 10. Bf1 Re8 11. dxe5 Nxe5 12. Nfxe5 dxe5 13. Qxd8 Rxd8 14. Be3 b6
15. a4 Bb7 16. f3 a6 17. g3 Rdc8 18. Bh3 Nf6 19. Rad1 Nh7 20. Rd2 Ng5 21. Bxg5
hxg5 22. Kg2 Rd8 23. Red1 Rxd2+ 24. Rxd2 Kf8 25. Rd7 Rc8 {46moves} 1/2-1/2

[Event "Aut_2.Bundesliga_Ost_2004/05"]
[Site "?"]
[Date "2005.02.27"]
[Round "9.5"]
[White "Schneider-Zinner, Harald"]
[Black "Alvir, Aco"]
[Result "1-0"]
[WhiteElo "2358"]
[BlackElo "2381"]
[PlyCount "107"]
[EventDate "2004.10.09"]

1. e4 c5 2. Nf3 e6 3. b3 b6 4. d4 cxd4 5. Nxd4 Bb7 6. Nb5 a6 7. Nd6+ Bxd6 8.
Qxd6 Bxe4 9. Ba3 Nf6 10. Nc3 Nc6 11. f3 Bg6 12. O-O-O Qe7 13. g4 h5 14. g5 Ng8
15. Ne4 Bxe4 16. fxe4 Qxg5+ 17. Kb1 Qe7 18. Qd2 Qd8 19. Rg1 g6 20. Bb2 Rh7 21.
Rg3 Qc7 22. Rd3 f6 23. Rd6 Rf7 24. Bh3 O-O-O 25. Bf1 Kb7 26. e5 Nge7 27. Bg2
Kc8 28. Qd3 f5 29. Qxa6+ Kb8 30. Bd4 Nc8 31. Bxc6 dxc6 32. Bxb6 Qxb6 33. Qxb6+
Nxb6 34. Rxd8+ Kc7 35. c4 g5 36. Re8 Rd7 37. Rg1 Rd2 38. h3 Nd7 39. Rxe6 g4 40.
hxg4 hxg4 41. Re7 Kb6 42. Kc1 Rxa2 43. Rxd7 Ra1+ 44. Kd2 Rxg1 45. e6 Rg2+ 46.
Kd3 Rg3+ 47. Kd4 Rg1 48. Ke5 g3 49. Rg7 g2 50. e7 f4 51. Kf6 Re1 52. Rxg2 Kc5
53. Kf7 Kb4 54. Rf2 1-0

[Event "Aut_2.Bundesliga_Ost_2004/05"]
[Site "?"]
[Date "2005.02.27"]
[Round "9.5"]
[White "Smolen, Jan"]
[Black "Holzer, Gerhard"]
[Result "1/2-1/2"]
[WhiteElo "2334"]
[BlackElo "2276"]
[PlyCount "84"]
[EventDate "2004.10.09"]

1. e4 c5 2. Nc3 e6 3. g3 Nc6 4. Bg2 Nf6 5. Nf3 a6 6. O-O Qc7 7. d3 Be7 8. Re1
d6 9. Bf4 e5 10. Bg5 Nd4 11. Nh4 Nb5 12. Nf5 Nxc3 13. Nxg7+ Kf8 14. Bh6 Kg8 15.
bxc3 Ng4 16. Qd2 Nxh6 17. Qxh6 Bf8 18. Ne8 Bxh6 19. Nxc7 Rb8 20. Reb1 b5 21. a4
b4 22. Ne8 Bd2 23. cxb4 cxb4 24. Rd1 Bc3 25. Rab1 Be6 26. Nxd6 Ba2 27. Bh3 Bxb1
28. Rxb1 Kg7 29. Rb3 Rhd8 30. Nc4 Rb7 31. Kf1 Rc7 32. Bg4 Rxc4 33. dxc4 Rd2 34.
c5 Bd4 35. Be2 a5 36. c6 Rxc2 37. Bb5 Rc1+ 38. Ke2 Rc2+ 39. Kd1 Rc5 40. Rb1 Kf8
41. Rc1 Bc3 42. Kc2 Bd4+ 1/2-1/2

[Event "Aut_2.Bundesliga_Ost_2004/05"]
[Site "?"]
[Date "2005.02.27"]
[Round "9.5"]
[White "Froschauer, Hans"]
[Black "Schwab, Rene"]
[Result "1/2-1/2"]
[WhiteElo "2122"]
[BlackElo "2268"]
[PlyCount "134"]
[EventDate "2004.10.09"]

1. e4 c6 2. d4 d5 3. Nc3 dxe4 4. Nxe4 Nf6 5. Nxf6+ gxf6 6. Be3 Qb6 7. Qc1 Bg4
8. Be2 Bxe2 9. Nxe2 Nd7 10. a4 Qa5+ 11. Qd2 Qxd2+ 12. Bxd2 e6 13. O-O Bd6 14.
Rfe1 O-O-O 15. Rad1 Rhg8 16. Bf4 Bxf4 17. Nxf4 Rg4 18. g3 Nb6 19. b3 Nd5 20.
Nxd5 Rxd5 21. c3 Rg8 22. Rc1 f5 23. f4 h5 24. Kf2 h4 25. Rg1 Rg4 26. Rcd1 Kd8
27. Kf3 Ke7 28. Rg2 a5 29. Rgd2 Rd8 30. c4 hxg3 31. hxg3 Rdg8 32. Rg2 Rh8 33.
Rb1 Rd8 34. Ke3 Rdg8 35. Kf3 Rd8 36. Ke3 f6 37. Rh1 Rg7 38. Re1 e5 39. fxe5
fxe5 40. dxe5 Ke6 41. Ree2 Rd1 42. Kf3 Rd3+ 43. Re3 Rxe3+ 44. Kxe3 Rg4 45. Kf3
Rd4 46. Ke3 Kxe5 47. Rf2 Rd1 48. Rc2 Rg1 49. Kf2 Rb1 50. Rc3 Kd4 51. Rf3 Rb2+
52. Kf1 Ke4 53. Rf4+ Ke5 54. Rf3 b6 55. Re3+ Kd4 56. Rf3 Ke4 57. Rf4+ Ke3 58.
Rxf5 c5 59. g4 Rxb3 60. g5 Ke4 61. Rf2 Rd3 62. g6 Rd7 63. Rf6 Kd4 64. Rxb6 Kxc4
65. Ke2 Kc3 66. Rb5 Re7+ 67. Kf3 Kd4 1/2-1/2

[Event "Aut_2.Bundesliga_Ost_2004/05"]
[Site "?"]
[Date "2005.02.27"]
[Round "9.6"]
[White "Likavsky, Tomas"]
[Black "Varga, Zoltan"]
[Result "1-0"]
[WhiteElo "2449"]
[BlackElo "2538"]
[PlyCount "81"]
[EventDate "2004.10.09"]

1. d4 d5 2. c4 dxc4 3. Nf3 Nf6 4. e3 e6 5. Bxc4 c5 6. O-O a6 7. dxc5 Bxc5 8.
Qxd8+ Kxd8 9. Ne5 Ke7 10. Be2 b5 11. a4 Bd6 12. Nd3 bxa4 13. Nd2 Bd7 14. Nc4
Bb5 15. Nxd6 Kxd6 16. b3 axb3 17. Ba3+ Kc7 18. Rfc1+ Nc6 19. Ne5 Bxe2 20. Rxc6+
Kb7 21. Rc3 Rhc8 22. Rxb3+ Bb5 23. Nxf7 Rc2 24. f3 Nd5 25. Rc1 Rxc1+ 26. Bxc1
Kb6 27. e4 Rc8 28. Bg5 Rc3 29. Rxc3 Nxc3 30. Bd2 Nd1 31. Ng5 Bc4 32. Nxh7 a5
33. Bf4 a4 34. Be5 a3 35. Bxg7 Kb5 36. h4 Nb2 37. h5 e5 38. Bxe5 Bg8 39. Nf6
Kc4 40. Nxg8 Kb3 41. h6 1-0

[Event "Aut_2.Bundesliga_Ost_2004/05"]
[Site "?"]
[Date "2005.02.27"]
[Round "9.6"]
[White "Hagara, Eduard"]
[Black "Manik, Mikulas"]
[Result "1/2-1/2"]
[WhiteElo "2398"]
[BlackElo "2510"]
[PlyCount "33"]
[EventDate "2004.10.09"]

1. e4 c5 2. Nf3 Nc6 3. c3 d5 4. exd5 Qxd5 5. d4 Bg4 6. Be2 e6 7. h3 Bh5 8. O-O
Nf6 9. Be3 cxd4 10. Nxd4 Bxe2 11. Qxe2 Be7 12. Rd1 O-O 13. Nxc6 Qxc6 14. Nd2
Nd5 15. Nf3 a6 16. Bd4 b5 17. Ne5 1/2-1/2

[Event "Aut_2.Bundesliga_Ost_2004/05"]
[Site "?"]
[Date "2005.02.27"]
[Round "9.6"]
[White "Antal, Gergely"]
[Black "Vajda, Szidonia"]
[Result "1/2-1/2"]
[WhiteElo "2450"]
[BlackElo "2369"]
[PlyCount "65"]
[EventDate "2004.10.09"]

1. e4 e5 2. Nc3 Nf6 3. f4 d5 4. fxe5 Nxe4 5. Qf3 Nxc3 6. bxc3 Qh4+ 7. g3 Qe4+
8. Qxe4 dxe4 9. Bg2 Nc6 10. Bxe4 Nxe5 11. d4 Nc4 12. Nf3 Be7 13. O-O O-O 14.
Bd5 Nb6 15. Bb3 Be6 16. Bxe6 fxe6 17. Bf4 Bd6 18. Ng5 Bxf4 19. gxf4 Nd5 20.
Nxe6 Rf6 21. f5 Nxc3 22. Rf3 Nd5 23. c4 Ne7 24. Raf1 c6 25. Nc5 Rd8 26. Ne4 Rf7
27. f6 gxf6 28. Rxf6 Rxf6 29. Nxf6+ Kg7 30. Nxh7 Kg8 31. Nf6+ Kg7 32. Nh7 Kg8
33. Nf6+ 1/2-1/2

[Event "Aut_2.Bundesliga_Ost_2004/05"]
[Site "?"]
[Date "2005.02.27"]
[Round "9.6"]
[White "Stranz, Richard"]
[Black "Plank, Franz"]
[Result "1-0"]
[WhiteElo "2272"]
[BlackElo "2305"]
[PlyCount "103"]
[EventDate "2004.10.09"]

1. e4 d5 2. exd5 Qxd5 3. Nc3 Qa5 4. d4 Nf6 5. Bc4 Nc6 6. d5 Nb4 7. a3 c6 8.
axb4 Qxa1 9. Nge2 e5 10. O-O b5 11. dxc6 bxc4 12. Nb5 Bxb4 13. Nc7+ Ke7 14.
Nd5+ Nxd5 15. Bg5+ f6 16. Qxa1 fxg5 17. Qa2 Nb6 18. Ng3 h6 19. c3 Bd6 20. Rd1
Be6 21. Ne4 Bd5 22. Rxd5 Nxd5 23. Qxc4 Nf6 24. Nd2 Rhc8 25. Qa6 Rc7 26. b4 Rac8
27. b5 Rd8 28. Kf1 e4 29. Qa4 e3 30. fxe3 Bxh2 31. Nf3 Bd6 32. Qc4 Re8 33. Nd4
Be5 34. Nf3 Kd8 35. Qd3+ Nd7 36. Nxe5 Rxe5 37. cxd7 Rxd7 38. Qc4 Rde7 39. Qc6
Rd7 40. Ke2 Red5 41. c4 Rd2+ 42. Kf3 h5 43. c5 Rf7+ 44. Ke4 Rc7 45. Qa8+ Ke7
46. b6 Rd8 47. b7 Rxc5 48. Qxd8+ Kxd8 49. b8=Q+ Kd7 50. Qxa7+ Kd6 51. Qb6+ Rc6
52. Qd8+ 1-0

[Event "Aut_2.Bundesliga_Ost_2004/05"]
[Site "?"]
[Date "2005.02.27"]
[Round "9.6"]
[White "Allacher, Erwin"]
[Black "Krpelan, Wolfgang"]
[Result "0-1"]
[WhiteElo "2147"]
[BlackElo "2246"]
[PlyCount "74"]
[EventDate "2004.10.09"]

1. d4 d5 2. c4 c6 3. Nf3 Nf6 4. e3 Bf5 5. Qb3 Qb6 6. Nbd2 e6 7. a3 Nbd7 8. Be2
Qc7 9. Nh4 Bg6 10. Nxg6 hxg6 11. Nf3 Ne4 12. Bd2 g5 13. Bc3 O-O-O 14. cxd5 exd5
15. Qa4 g4 16. Nd2 Nxc3 17. bxc3 Kb8 18. Bxg4 Rxh2 19. Rxh2 Qxh2 20. Bf3 Nb6
21. Qd1 Re8 22. Ke2 Bd6 23. a4 Qh6 24. a5 Nc8 25. Qb3 f5 26. a6 b6 27. c4 f4
28. cxd5 fxe3 29. fxe3 Bf4 30. Nf1 Nd6 31. dxc6 Kc7 32. Ra5 bxa5 33. Qc3 Qg5
34. Kf2 Rb8 35. exf4 Qxf4 36. Qxa5+ Rb6 37. Ne3 Qxe3+ 0-1

[Event "Aut_2.Bundesliga_Ost_2004/05"]
[Site "?"]
[Date "2005.04.09"]
[Round "10.1"]
[White "Schlosser, Michael"]
[Black "Varga, Zoltan"]
[Result "0-1"]
[WhiteElo "2364"]
[BlackElo "2538"]
[PlyCount "88"]
[EventDate "2004.10.09"]

1. e4 e5 2. Bc4 Nf6 3. d3 d6 4. Nc3 Be7 5. f4 exf4 6. Bxf4 O-O 7. Nf3 c6 8. Bb3
d5 9. exd5 cxd5 10. O-O Nc6 11. Kh1 d4 12. Ne4 Nd5 13. Bd2 h6 14. Qe1 f5 15.
Ng3 Kh7 16. Nh5 Qd6 17. Qg3 Qxg3 18. Nxg3 Ne3 19. Rfe1 Bc5 20. c3 Ng4 21. cxd4
Nxd4 22. Nxd4 Bxd4 23. Bc3 Bxc3 24. bxc3 f4 25. Ne4 Bf5 26. Kg1 Ne3 27. Nf2
Rae8 28. Rac1 b6 29. d4 Bg6 30. Nd1 Nf5 31. Nb2 Nd6 32. Re6 Rxe6 33. Bxe6 f3
34. gxf3 Rxf3 35. c4 Re3 36. Bd7 Re2 37. Na4 Nf5 38. Nc3 Nxd4 39. Bg4 Rb2 40.
Rd1 Nc6 41. Be6 Rc2 42. Nb5 Rxa2 43. Rd7 Ne5 44. Re7 Nf3+ 0-1

[Event "Aut_2.Bundesliga_Ost_2004/05"]
[Site "?"]
[Date "2005.04.09"]
[Round "10.1"]
[White "Vajda, Szidonia"]
[Black "Wirius, Stefan"]
[Result "1-0"]
[WhiteElo "2369"]
[BlackElo "2334"]
[PlyCount "59"]
[EventDate "2004.10.09"]

1. e4 c5 2. c3 d5 3. exd5 Qxd5 4. d4 Nf6 5. Nf3 Nc6 6. Be3 cxd4 7. cxd4 e6 8.
a3 Be7 9. Nc3 Qd6 10. Bd3 O-O 11. O-O b6 12. Qe2 Bb7 13. Rad1 Rac8 14. Bb1 Rfe8
15. Rfe1 Bf8 16. Bg5 Nd5 17. Nxd5 Qxd5 18. Be4 Qb3 19. Rd3 Qb5 20. Ne5 f5 21.
Bxc6 Bxc6 22. Qh5 g6 23. Qh4 Qd5 24. Nxc6 Rxc6 25. Rh3 h5 26. Rg3 Kf7 27. Bf6
Bd6 28. Rxg6 Qe4 29. Rg7+ Kf8 30. Rg8+ 1-0